[Event "ISR-ch U20"]
[Site "Ramat Hasharon"]
[Date "2023.08.02"]
[Round "1"]
[White "Shefer, Uri"]
[Black "Tzidkiya, Yeshaayahu"]
[Result "0-1"]
[WhiteElo "1860"]
[BlackElo "2445"]
[PlyCount "74"]
[EventDate "2023.08.02"]
[EventType "swiss"]
[EventRounds "9"]
[EventCountry "ISR"]
[SourceTitle "EXT 2024"]
[Source "ChessBase"]
[SourceDate "2023.10.10"]
[SourceVersion "1"]
[SourceVersionDate "2023.10.10"]
[SourceQuality "1"]

1. d4 Nf6 2. c4 g6 3. Nc3 Bg7 4. e4 d6 5. Be2 0-0 6. Be3 c6 7. g4 d5 8. cxd5 cxd5 9. e5 Ne4 10. h4 h6 11. Nh3 Nc6 12. Kf1 f6 13. exf6 Rxf6 14. Kg2 Rf8 15. f3 Nd6 16. Qd3 Nc4 17. Bxh6 Bf5 18. gxf5 Bxh6 19. Nxd5 Rxf5 20. Nxe7+ Nxe7 21. Qxc4+ Nd5 22. Bd3 Kg7 23. Rae1 Rf6 24. Ng5 Bxg5 25. hxg5 Rc6 26. Qb3 Rb6 27. Qc2 Qxg5+ 28. Kf2 Rf8 29. Re5 Qg4 30. Be4 Rxf3+ 31. Bxf3 Qxd4+ 32. Kf1 Qxe5 33. Bxd5 Rf6+ 34. Kg1 Qd4+ 35. Kg2 Qxd5+ 36. Kg1 Rc6 37. Qb1 Qd2 0-1

[Event "Thessaloniki White Tower op-A 2nd"]
[Site "Thessaloniki"]
[Date "2023.01.08"]
[Round "9"]
[White "Galanis, Nikolaos Panagiotis"]
[Black "Shefer, Uri"]
[Result "0-1"]
[WhiteElo "1774"]
[BlackElo "1806"]
[PlyCount "68"]
[EventDate "2023.01.02"]
[EventType "swiss"]
[EventRounds "9"]
[EventCountry "GRE"]
[SourceTitle "CBM 212 Extra"]
[Source "ChessBase"]
[SourceDate "2023.03.31"]
[SourceVersion "1"]
[SourceVersionDate "2023.03.31"]
[SourceQuality "1"]

1. e4 e5 2. Nf3 Nc6 3. Bc4 Nf6 4. d4 exd4 5. e5 Ng4 6. Bxf7+ Kxf7 7. Ng5+ Kg8 8. Qxg4 h6 9. Nf3 d6 10. e6 Qf6 11. 0-0 Bxe6 12. Qg3 Bf5 13. Na3 a6 14. Bd2 Be4 15. Ne1 Kh7 16. f4 d5 17. Nd3 Bd6 18. Rae1 Rhf8 19. c4 Qg6 20. Qxg6+ Bxg6 21. f5 Bxf5 22. Nf4 Bxa3 23. cxd5 Bb4 24. Bxb4 Nxb4 25. Re7 Rae8 26. Rxc7 Bd3 27. Rf3 Rxf4 28. Rxf4 Re1+ 29. Kf2 Rf1+ 30. Kg3 Rxf4 31. d6 Rf8 32. Rxb7 Nxa2 33. Re7 Rd8 34. d7 Bb5 0-1

[Event "Thessaloniki White Tower op-A 2nd"]
[Site "Thessaloniki"]
[Date "2023.01.06"]
[Round "7"]
[White "Romanos, Theodoros"]
[Black "Shefer, Uri"]
[Result "1/2-1/2"]
[WhiteElo "2064"]
[BlackElo "1806"]
[PlyCount "69"]
[EventDate "2023.01.02"]
[EventType "swiss"]
[EventRounds "9"]
[EventCountry "GRE"]
[SourceTitle "CBM 212 Extra"]
[Source "ChessBase"]
[SourceDate "2023.03.31"]
[SourceVersion "1"]
[SourceVersionDate "2023.03.31"]
[SourceQuality "1"]

1. d4 d5 2. Nf3 Nf6 3. g3 c6 4. Bg2 Bf5 5. 0-0 h6 6. c4 e6 7. Nc3 Be7 8. Qb3 Qb6 9. c5 Qa6 10. Re1 b6 11. cxb6 axb6 12. Bf4 Nbd7 13. Nd2 0-0 14. e4 dxe4 15. Ndxe4 Nxe4 16. Nxe4 Rfd8 17. Nc3 Rac8 18. Rac1 Bf6 19. Be3 c5 20. Nb5 cxd4 21. Rxc8 Qxc8 22. Bxd4 Nc5 23. Qe3 Qd7 24. Bxf6 gxf6 25. Nc3 Qd2 26. Qe2 Qxe2 27. Rxe2 Na4 28. Be4 Nxc3 29. bxc3 Bxe4 30. Rxe4 Rc8 31. Rb4 Rxc3 32. Rxb6 Ra3 33. Rb2 Kg7 34. Kf1 Ra4 35. Ke2 1/2-1/2

[Event "Thessaloniki White Tower op-A 2nd"]
[Site "Thessaloniki"]
[Date "2023.01.05"]
[Round "6"]
[White "Shefer, Uri"]
[Black "Banov, Boil"]
[Result "1-0"]
[WhiteElo "1806"]
[BlackElo "2026"]
[PlyCount "65"]
[EventDate "2023.01.02"]
[EventType "swiss"]
[EventRounds "9"]
[EventCountry "GRE"]
[SourceTitle "CBM 212 Extra"]
[Source "ChessBase"]
[SourceDate "2023.03.31"]
[SourceVersion "1"]
[SourceVersionDate "2023.03.31"]
[SourceQuality "1"]

1. d4 d5 2. c4 c6 3. g3 f5 4. Bg2 Nf6 5. Nc3 e6 6. h4 Bd6 7. Nh3 0-0 8. 0-0 Ne4 9. Nf4 Qf6 10. Be3 a5 11. Rc1 Nd7 12. a3 Kh8 13. Bh3 Qf7 14. Nxe4 dxe4 15. d5 cxd5 16. cxd5 e5 17. Ne6 Rg8 18. Qa4 Nf8 19. Ng5 Qg6 20. Nxe4 Bd7 21. Bxf5 Bxf5 22. h5 Qg4 23. Nxd6 h6 24. Rc4 Qxh5 25. g4 Bxg4 26. Rxg4 Ng6 27. Nf7+ Kh7 28. Qe4 Ra6 29. d6 Rf8 30. d7 Rxf7 31. d8Q Rf4 32. Rxf4 exf4 33. Bd4 1-0

[Event "ISR-chT U14"]
[Site "Afula"]
[Date "2022.08.21"]
[Round "2"]
[White "Sapir, Omri"]
[Black "Shefer, Uri"]
[Result "0-1"]
[WhiteElo "1383"]
[BlackElo "1854"]
[PlyCount "87"]
[EventDate "2022.08.21"]
[EventType "team-tourn"]
[EventRounds "9"]
[EventCountry "ISR"]
[SourceTitle "CBM 210 Extra"]
[Source "ChessBase"]
[SourceDate "2022.11.30"]
[SourceVersion "1"]
[SourceVersionDate "2022.11.30"]
[SourceQuality "1"]

1. e4 e5 2. Nf3 Nc6 3. Nc3 Nf6 4. Bb5 Bd6 5. a3 a6 6. Bc4 0-0 7. d3 Re8 8. 0-0 h6 9. Be3 Bf8 10. Qd2 d6 11. h3 Ne7 12. Nh4 g5 13. Nf3 Ng6 14. d4 Qe7 15. dxe5 dxe5 16. Rad1 Be6 17. Bxe6 Qxe6 18. Rfe1 b5 19. b4 Qc6 20. Qd3 a5 21. Nd5 axb4 22. axb4 Nxd5 23. exd5 Qd7 24. Qb3 Ra4 25. c3 Rea8 26. Nd2 Ra3 27. Qb2 Qxd5 28. Nf3 Qb3 29. Qxb3 Rxb3 30. Rd5 c6 31. Rd7 Rxc3 32. Bd2 Rb3 33. Nxe5 Nxe5 34. Rxe5 Ra1+ 35. Kh2 Bxb4 36. Be3 Ra8 37. Bd4 Rd3 38. Rf5 Rf8 39. f3 c5 40. Bxc5 Rxd7 41. Bxf8 Bxf8 42. Rxb5 Bd6+ 43. Kg1 Bg3 44. Rb8+ 0-1

[Event "EU-chT U12"]
[Site "Thessaloniki"]
[Date "2022.07.16"]
[Round "5.2"]
[White "Cieslak, Patryk"]
[Black "Shefer, Uri"]
[Result "1/2-1/2"]
[WhiteElo "2029"]
[BlackElo "1882"]
[PlyCount "94"]
[EventDate "2022.07.12"]
[EventType "team-swiss"]
[EventRounds "7"]
[EventCountry "GRE"]
[SourceTitle "EXT 2023"]
[Source "ChessBase"]
[SourceDate "2022.10.05"]
[SourceVersion "1"]
[SourceVersionDate "2022.10.05"]
[SourceQuality "1"]
[WhiteTeam "Poland U12"]
[BlackTeam "Israel U12"]
[WhiteTeamCountry "POL"]
[BlackTeamCountry "ISR"]

1. e4 e5 2. Nf3 Nc6 3. Bb5 a6 4. Ba4 Nf6 5. 0-0 Nxe4 6. d4 b5 7. Bb3 d5 8. dxe5 Be6 9. c3 Bc5 10. Nbd2 0-0 11. Bc2 Nxf2 12. Rxf2 f6 13. exf6 Bxf2+ 14. Kxf2 Qxf6 15. Nf1 Ne5 16. Kg1 Nxf3+ 17. gxf3 Qxf3 18. Qxf3 Rxf3 19. Bd1 Rff8 20. Be3 Bh3 21. Bb3 c6 22. Ng3 Rae8 23. Bc5 Rf7 24. Bc2 Rf3 25. Kh1 h5 26. Rg1 h4 27. Bg6 Re6 28. Bh5 Rff6 29. Ne2 Bf5 30. h3 Be4+ 31. Kh2 Bd3 32. Rg2 Be4 33. Rg1 Bd3 34. Rg2 Be4 35. Rf2 Rxf2+ 36. Bxf2 Rf6 37. Kg1 Bf3 38. Bxf3 Rxf3 39. Nc1 Kf7 40. Kg2 Rf4 41. Nd3 Re4 42. Kf3 g5 43. Be3 Kg6 44. b4 Re8 45. a3 Re7 46. Bd4 Kf5 47. Be3 Kg6 1/2-1/2

[Event "Bodensee op"]
[Site "Bregenz"]
[Date "2022.05.22"]
[Round "2"]
[White "Shefer, Uri"]
[Black "Tischbierek, Raj"]
[Result "0-1"]
[WhiteElo "1832"]
[BlackElo "2431"]
[PlyCount "72"]
[EventDate "2022.05.21"]
[EventType "swiss"]
[EventRounds "9"]
[EventCountry "AUT"]
[SourceTitle "CBM 208 Extra"]
[Source "ChessBase"]
[SourceDate "2022.07.31"]
[SourceVersion "1"]
[SourceVersionDate "2022.07.31"]
[SourceQuality "1"]

1. d4 d6 2. c4 e5 3. d5 f5 4. g3 Nf6 5. Bg2 g6 6. Nc3 Bg7 7. e4 0-0 8. Nge2 fxe4 9. Bg5 e3 10. f3 c6 11. Bxe3 cxd5 12. cxd5 a6 13. a4 a5 14. Rc1 Na6 15. Nb5 Nb4 16. Nc7 Bf5 17. Nxa8 Nd3+ 18. Kf1 Nxc1 19. Nxc1 Qxa8 20. Kg1 b5 21. axb5 Nxd5 22. Bf2 Qb7 23. b6 Kh8 24. h3 Nxb6 25. Kh2 Nc8 26. Qd2 Bd7 27. Nd3 Bc6 28. Ne1 a4 29. f4 exf4 30. Bxc6 fxg3+ 31. Bxg3 Qxc6 32. Nd3 Qd5 33. Qe2 Qf3 34. Qd2 Ne7 35. Bxd6 Nf5 36. Ne1 Qb3 0-1

[Event "Larnaca OFIS op 2nd"]
[Site "Larnaca"]
[Date "2021.10.27"]
[Round "1"]
[White "Shefer, Uri"]
[Black "Christiansen, Johan Sebastian"]
[Result "0-1"]
[WhiteElo "1790"]
[BlackElo "2582"]
[PlyCount "50"]
[EventDate "2021.10.22"]
[EventType "swiss"]
[EventRounds "9"]
[EventCountry "CYP"]
[SourceTitle "CBM 204 Extra"]
[Source "ChessBase"]
[SourceDate "2021.11.30"]
[SourceVersion "1"]
[SourceVersionDate "2021.11.30"]
[SourceQuality "1"]

1. d4 d5 2. Bf4 c5 3. e3 Nc6 4. Nf3 Nf6 5. c3 Qb6 6. Qc1 Bf5 7. Nbd2 cxd4 8. exd4 Rc8 9. a3 e6 10. Be2 Be7 11. h3 0-0 12. 0-0 Ne4 13. b4 Nxd4 14. Nxd4 Nxc3 15. Qe1 Qxd4 16. Be3 Nxe2+ 17. Qxe2 Qd3 18. Qf3 d4 19. Bf4 g5 20. Qxd3 Bxd3 21. Be5 Bxf1 22. Kxf1 Rfd8 23. Nf3 Rc4 24. Rd1 f6 25. Bg3 e5 0-1